Statistics for The Super Knowledge Quiz #4

Click here to take the quiz!

General Stats

  • This quiz has been taken 8 times
  • The average score is 7 of 15

Answer Stats

HintAnswer% Correct
What basketball player starred in the original 1996 film "Space Jam?"Michael Jordan
100%
How many sides does a heptadecagon have?17
88%
What year was it when explorer Christopher Columbus completed his journey across the Atlantic Ocean and landed in what is now knowns as "The Americas"1492
75%
Who was the Scottish inventor and accidental discoverer of penicillin?Alexander Fleming
63%
What medical condition refers to the yellow discoloration of the body tissue resulting from the accumulation of excess bilirubin in the body?Jaundice
63%
"la medusa" is a spanish word what ocean animal?Jellyfish
63%
What is Gustav Klimt's most famous piece?The Kiss
63%
In chess, what term refers to the king moving two squares to either side, with the rook moving to the other side of the king?Castling
38%
What law states that the electric current through a conductor between two points is directly proportional to the voltage across the two points?Ohm's law
38%
What is the name of the process when a solid directly turns into a gas? skipping the liquid phaseSublimation
38%
Under normal circumstances, what is the highest possible break in snooker can a player make? also known as a maximum break147
25%
What German band came out with the hit song "99 Luftballons" from their 1983 self-titled album?Nena
25%
If "Biannual" refers to twice a year, what word refers to every two years?Biennual
13%
What is another word for "Harakiri"?Seppuku
13%
What species are the aliens from the "Alien" movie franchise called?Xenomorph
13%

Score Distribution

Percentile by Number Answered

Percent of People with Each Score

Your Score History

You have not taken this quiz